000 00337 a2200157 4500
001 56533
020 _a8530501179
040 _cAnchieta - Pituba
100 _aCarrasco, Walcyr
240 1 0 _aMeu primeiro beijo
_lpor
245 1 0 _aMeu primeiro beijo
300 _a112
362 0 _a1997
650 4 _aLiteratura juvenil
942 _cBK
999 _c56533
_d56533